00381nam a2200145Ia 4500008004100000020001500041041000800056082001500064100001600079245003900095250000600134260003700140300001100177650004700188210716s2009 xx 000 0 und d a8182522164 aeng a519.2 SINJ aSingh, J P. aProbability and numerical methods. a1 aNew DelhibAne Books Indiac2009 axi,321 aProbabilities and applied mathematics(519)